A book on C : (Record no. 29729)

000 -LEADER
fixed length control field 00640 a2200205 4500
020 ## - INTERNATIONAL STANDARD BOOK NUMBER
International Standard Book Number 0201183994
020 ## - INTERNATIONAL STANDARD BOOK NUMBER
International Standard Book Number 9780201183993
082 ## - DEWEY DECIMAL CLASSIFICATION NUMBER
Classification number 005.133
090 ## - LOCALLY ASSIGNED LC-TYPE CALL NUMBER (OCLC); LOCAL CALL NUMBER (RLIN)
-- 1114
-- 1114
100 1# - MAIN ENTRY--PERSONAL NAME
Personal name Kelley, Al.
245 12 - TITLE STATEMENT
Title A book on C :
Remainder of title programming in c /
Statement of responsibility, etc. Al Kelley, Ira Pohl.
250 ## - EDITION STATEMENT
Edition statement 4th ed.
260 ## - PUBLICATION, DISTRIBUTION, ETC.
Place of publication, distribution, etc. [S.l.] :
Name of publisher, distributor, etc. Addison-Wesley Professional,
Date of publication, distribution, etc. 1998.
300 ## - PHYSICAL DESCRIPTION
Extent 726 p. ;
Dimensions 24 cm.
490 1# - SERIES STATEMENT
Series statement 4th edition.
700 1# - ADDED ENTRY--PERSONAL NAME
Personal name Pohl, Ira.
830 #0 - SERIES ADDED ENTRY--UNIFORM TITLE
Uniform title 4th edition.
942 ## - ADDED ENTRY ELEMENTS (KOHA)
Institution code [OBSOLETE] SNS
Koha item type Book
Call number prefix 005.133 KEL
Holdings
Withdrawn status Lost status Damaged status Not for loan Permanent Location Current Location Date acquired Total Checkouts Full call number Barcode Date last seen Date last checked out Price effective from Koha item type
        School of Natural Sciences (SNS) School of Natural Sciences (SNS) 05/26/2016 1 005.133 KEL SNS0001613 10/09/2024 09/19/2024 05/26/2016 Book
© 2023 Central Library, National University of Sciences and Technology. All Rights Reserved.